Open Data Biblioteca Nacional de Portugal


República Portuguesa: Ministério da Cultura
Biblioteca Nacional de Portugal

Catálogo da BNP: acesso por Identificadores Unívocos
Registos Bibliográficos associados ao registo de autoridade

Etiqueta de registo: 00254nam 2200025 450
001 2285148
003 http://id.bnportugal.gov.pt/bib/catbnp/2285148
100 ## $a20250424d2026 k y0pory01030103ba
101 0# $aeng$dpor
102 ## $aPT
105 ## $aa m 000yy
106 ## $ar
200 1# $aChristian symbology in Vogue Portugal and the influence of religiosity on 21st century women's fashion$fVitória Rodrigues Bernardo$gorient. Catarina Grácio de Moura, Cristina Maria Leitão Duarte
210 #9 $aCovilhã$c[s.n.],$d2026
215 ## $aXX, 475 p.$cil.$d30 cm
328 #1 $aTese dout. Design de Moda, Universidade da Beira Interior, 2026
675 ## $a7.05(043)$vBN$zpor$3818439
675 ## $a687(043)$vBN$zpor$3389162
700 #1 $aBernardo,$bVitória Rodrigues$31996782
702 #1 $aMoura,$bCatarina Grácio de$4727$31996783
702 #1 $aDuarte,$bCristina Maria Leitão$4727$31680360
801 #0 $aPT$bBN$gRPC
966 ## $lBN$mFGMON$sB.A. 53829 V.$x1
971 ## $ciquintas$d20260424
972 ## $e0$z0$d20260618$vasantos
973 ## $ctrodrigues$d20260605

OpendataBNP@bnportugal.pt | Mais informação sobre acesso aos dados BNP